[Event "OLNN 1617 Lübecker SV - Schachfreunde H"]
[Site "?"]
[Date "2017.03.19"]
[Round "7.5"]
[White "Kluenger, Marc"]
[Black "Christ, Ralf"]
[Result "1/2-1/2"]
[WhiteElo "2220"]
[BlackElo "2270"]
[PlyCount "182"]
[EventDate "2017.??.??"]

1. d4 Nf6 2. c4 g6 3. Nc3 d5 4. cxd5 Nxd5 5. e4 Nxc3 6. bxc3 Bg7 7. Bg5 c5 8.
Rc1 Qa5 9. Qd2 h6 10. Be3 cxd4 11. cxd4 Qxd2+ 12. Kxd2 O-O 13. Bb5 Rd8 14. Rc7
e6 15. Ne2 Nc6 16. Rc1 Be5 17. R7xc6 bxc6 18. Bxc6 Rb8 19. Ke1 Bg7 20. Bf4 Rb2
21. Bc7 Rxd4 22. Nxd4 Bxd4 23. Bg3 Rxa2 24. Bd5 Ra1 25. Rxa1 Bxa1 26. Bc4 Bd4
27. Kd2 Kf8 28. Kd3 Bc5 29. f4 Bb7 30. Bh4 f5 31. Bxe6 Bxe4+ 32. Kc4 Bg1 33. g3
Bxh2 34. Kc5 Bg1+ 35. Kd6 Bd4 36. Bd8 Kg7 37. Ba5 Bf3 38. Be1 h5 39. Ke7 Bc6
40. Bc4 Bf6+ 41. Kd6 Be8 42. Ba6 Bd4 43. Kd5 Bb6 44. Bc3+ Kh6 45. Bf6 Bf2 46.
Bh4 Kg7 47. Ke6 Bf7+ 48. Kd6 Bb3 49. Ke7 Bc5+ 50. Ke8 Ba4+ 51. Kd8 Kf8 52. Bg5
Bb6+ 53. Kc8 Bc6 54. Bh4 Ke8 55. Bf6 Bd5 56. Bh4 Be6+ 57. Kb7 Bd7 58. Bc4 Kf8
59. Ba6 Kf7 60. Bc4+ Be6 61. Bb5 Bd5+ 62. Ka6 Bf2 63. Be2 Kg7 64. Bd3 Bf3 65.
Bf1 g5 66. Bxg5 Bxg3 67. Kxa7 h4 68. Kb6 Bf2+ 69. Kc7 Bg4 70. Kd6 h3 71. Ke6 h2
72. Bg2 Bh3 73. Bc6 Be3 74. Ke5 Bg4 75. Bh4 Bg1 76. Bg3 Bh3 77. Bxh2 Bxh2 78.
Bd7 Bf1 79. Bxf5 Bg1 80. Be4 Bb6 81. Kd5 Bb5 82. Kd6 Kf6 83. Bc6 Bd3 84. Bd5
Be3 85. Kc7 Ba6 86. Kb8 Bxf4+ 87. Ka8 Ke5 88. Bh1 Kd6 89. Bg2 Kc7 90. Bh1 Be3
91. Bg2 Bc4 1/2-1/2

[Event "OLNN 1617 Lübecker SV - Schachfreunde H"]
[Site "?"]
[Date "2017.03.19"]
[Round "7.6"]
[White "Lampe, Dirk"]
[Black "Jaeckle, Marco"]
[Result "0-1"]
[WhiteElo "2239"]
[BlackElo "2215"]
[PlyCount "84"]
[EventDate "2017.??.??"]

1. e4 e6 2. d4 d5 3. Nc3 Nf6 4. Bg5 Be7 5. e5 Nfd7 6. Bxe7 Qxe7 7. f4 a6 8. Nf3
c5 9. Qd2 Nc6 10. dxc5 Nxc5 11. O-O-O b5 12. Qe3 Qa7 13. Ne2 Bd7 14. Kb1 O-O-O
15. Ned4 Nxd4 16. Nxd4 Qc7 17. h4 h5 18. Rh3 Kb8 19. Qe1 Qb6 20. a3 Rc8 21. Re3
g6 22. g3 Rc7 23. c3 Rhc8 24. Kc1 Na4 25. Kb1 Nc5 26. Rd2 a5 27. Nc2 Nb3 28.
Rd1 Rb7 29. Nd4 Nc5 30. Be2 Na4 31. Bf1 Ka8 32. b3 b4 33. cxb4 axb4 34. axb4
Qxb4 35. Qxb4 Rxb4 36. Rdd3 Nc5 37. Rd2 Ne4 38. Rxe4 dxe4 39. Bg2 Bc6 40. Rd1
Rd8 41. Nxc6 Rxd1+ 42. Kc2 Rg1 0-1

[Event "OLNN 1617 Lübecker SV - Schachfreunde H"]
[Site "?"]
[Date "2017.03.19"]
[Round "7.7"]
[White "Kull, Florian"]
[Black "Thannheiser, Thomas"]
[Result "0-1"]
[WhiteElo "2171"]
[BlackElo "2228"]
[PlyCount "70"]
[EventDate "2017.??.??"]

1. c4 e6 2. Nc3 d5 3. d4 c6 4. e3 Nf6 5. Nf3 Nbd7 6. Bd3 dxc4 7. Bxc4 b5 8. Be2
a6 9. e4 c5 10. e5 cxd4 11. Qxd4 Bc5 12. Qh4 b4 13. exf6 bxc3 14. fxg7 Rg8 15.
Qxh7 Nf6 16. Qh4 Rxg7 17. O-O Rh7 18. Qc4 Qb6 19. bxc3 Bb7 20. Bf4 Qc6 21. Rab1
Rc8 22. Qb3 Ba8 23. Ne1 Qe4 24. Bg5 Bd5 25. Qd1 Bd6 26. h3 Qe5 27. f4 Qe3+ 28.
Kh2 Rxc3 29. Rf3 Ng4+ 30. Kh1 Rxh3+ 31. gxh3 Bxf3+ 32. Bxf3 Nf2+ 33. Kg2 Nxd1
34. Rxd1 Be7 35. Bh6 Bh4 0-1

[Event "OLNN 1617 Lübecker SV - Schachfreunde H"]
[Site "?"]
[Date "2017.03.19"]
[Round "7.8"]
[White "Krause, Ullrich"]
[Black "Dietz, Juergen"]
[Result "1/2-1/2"]
[WhiteElo "2210"]
[BlackElo "2144"]
[PlyCount "47"]
[EventDate "2017.??.??"]

1. Nf3 f5 2. g3 Nf6 3. Bg2 g6 4. b4 Bg7 5. Bb2 Na6 6. b5 Nc5 7. c4 a6 8. a4
axb5 9. axb5 Rxa1 10. Bxa1 c6 11. bxc6 bxc6 12. O-O O-O 13. Nc3 Qa5 14. Qc2 Ba6
15. d3 Rb8 16. Rb1 Rxb1+ 17. Qxb1 Ne8 18. Na2 Bxa1 19. Qxa1 Qb6 20. Qe5 Ne6 21.
Qc3 Nf6 22. Qb4 Qxb4 23. Nxb4 Bc8 24. Ne5 {(=)} 1/2-1/2

[Event "OLNN 1617 SK Marmstorf - Königsspringer"]
[Site "?"]
[Date "2017.03.19"]
[Round "7.1"]
[White "Pfreundt, Jakob"]
[Black "Hebbinghaus, Holger"]
[Result "1/2-1/2"]
[WhiteElo "2376"]
[BlackElo "2251"]
[PlyCount "117"]
[EventDate "2017.??.??"]

1. Nf3 d5 2. d4 Nf6 3. c4 c6 4. e3 Bf5 5. Nc3 a6 6. Bd3 Bg6 7. b3 e6 8. O-O
Nbd7 9. Bb2 Bd6 10. Qb1 Bxd3 11. Qxd3 O-O 12. Rac1 Qe7 13. e4 dxe4 14. Nxe4
Nxe4 15. Qxe4 Ba3 16. Qb1 Bxb2 17. Qxb2 Nf6 18. Rfe1 Rfd8 19. h3 Qc7 20. Qa3
Rac8 21. Rcd1 Qd6 22. Qa5 h6 23. b4 Qc7 24. Qe5 Qd6 25. Qg5 Qc7 26. Qe5 Qd6 27.
Qc5 Qc7 28. a3 Rd7 29. Qe5 Rcd8 30. Rb1 Qd6 31. a4 Rc8 32. a5 Rcd8 33. Rb2 Qc7
34. Rb3 Ne8 35. Qxc7 Rxc7 36. Rc3 Kf8 37. g4 Nf6 38. Kg2 Ke7 39. Rce3 Rcd7 40.
Kg3 Rd6 41. R3e2 g6 42. Rc1 Rc8 43. Kf4 h5 44. Rg1 Rcd8 45. Ke3 hxg4 46. hxg4
Rh8 47. Kf4 Rdd8 48. Rd1 Rh3 49. Re3 Rdh8 50. Rg1 Rh1 51. Rxh1 Rxh1 52. Re1
Rxe1 53. Nxe1 Ne8 54. Nd3 Nd6 55. Nc5 Kf6 56. Nd7+ Ke7 57. Nc5 Kf6 58. Nd7+ Ke7
59. Nc5 1/2-1/2

[Event "OLNN 1617 SK Marmstorf - Königsspringer"]
[Site "?"]
[Date "2017.03.19"]
[Round "7.2"]
[White "Hawellek, Jeronimo"]
[Black "Zimmermann, Julian"]
[Result "0-1"]
[WhiteElo "2330"]
[BlackElo "2278"]
[PlyCount "68"]
[EventDate "2017.??.??"]

1. d4 Nf6 2. c4 c5 3. d5 e6 4. Nc3 exd5 5. cxd5 d6 6. e4 g6 7. Bd3 Bg7 8. h3 a6
9. a4 Nbd7 10. Nf3 Nh5 11. Bg5 Bf6 12. Bh6 Bg7 13. Bg5 Bf6 14. Be3 Ne5 15. O-O
Nxf3+ 16. Qxf3 O-O 17. g4 Ng7 18. Qg3 Bh4 19. Qg2 Re8 20. Rad1 f5 21. f4 Bf6
22. e5 dxe5 23. g5 exf4 24. gxf6 Rxe3 25. d6 Rg3 26. Qxg3 fxg3 27. fxg7 Qh4 28.
Be4 Qxh3 29. Bd5+ Kxg7 30. Rd2 Bd7 31. Re1 Re8 32. Rxe8 Bxe8 33. d7 Bxd7 34.
Bg2 f4 0-1

[Event "OLNN 1617 SK Marmstorf - Königsspringer"]
[Site "?"]
[Date "2017.03.19"]
[Round "7.3"]
[White "Harder, Clemens"]
[Black "Mueller, Tobias"]
[Result "0-1"]
[WhiteElo "2183"]
[BlackElo "2128"]
[PlyCount "91"]
[EventDate "2017.??.??"]

1. d4 Nf6 2. Nf3 e6 3. g3 c5 4. Bg2 Nc6 5. c3 b6 6. O-O Be7 7. Nbd2 d5 8. Re1
Bb7 9. Qa4 O-O 10. dxc5 bxc5 11. e4 Nd7 12. exd5 exd5 13. Qc2 Bf6 14. Nb3 Rc8
15. Bf4 Qb6 16. Bh3 Rfd8 17. Bxd7 Rxd7 18. Qf5 Rdd8 19. Bg5 Nb8 20. Bxf6 Qxf6
21. Qxf6 gxf6 22. Nh4 Kf8 23. Nf5 Rc7 24. Rad1 Bc8 25. Ne3 Be6 26. Rd2 Na6 27.
Red1 Rcd7 28. Na5 d4 29. cxd4 cxd4 30. Nc2 d3 31. Ne1 Bf5 32. Nc4 Nb4 33. Ne3
Bg6 34. b3 Nc2 35. N1xc2 dxc2 36. Rxd7 Rxd7 37. Rc1 Rd2 38. Kg2 Be4+ 39. Kf1
Bd3+ 40. Kg2 Ke7 41. Kf3 Ke6 42. g4 Ke5 43. Nc4+ Bxc4 44. bxc4 Kd4 45. c5 Kc3
46. c6 0-1

[Event "OLNN 1617 SK Marmstorf - Königsspringer"]
[Site "?"]
[Date "2017.03.19"]
[Round "7.4"]
[White "Ramme, Christoph"]
[Black "Borgmeyer, Max"]
[Result "1/2-1/2"]
[WhiteElo "2146"]
[BlackElo "2202"]
[PlyCount "101"]
[EventDate "2017.??.??"]

1. d4 Nf6 2. c4 e6 3. Nc3 Bb4 4. Qc2 d5 5. a3 Bxc3+ 6. Qxc3 Nbd7 7. Nf3 Ne4 8.
Qc2 O-O 9. Bf4 c6 10. e3 f5 11. Ne5 Nxe5 12. Bxe5 b6 13. Bd3 Ba6 14. O-O Qd7
15. Rfd1 Rac8 16. Rac1 Nd6 17. b3 Nf7 18. Bg3 Qe7 19. Qb2 Bb7 20. Rd2 Qf6 21.
b4 g5 22. Be5 Nxe5 23. dxe5 Qg7 24. c5 b5 25. f4 Rc7 26. Qd4 g4 27. Ra2 a6 28.
a4 Rfc8 29. Rca1 h5 30. Kh1 Qe7 31. Rg1 Kh8 32. g3 Kg7 33. h3 Rh8 34. h4 Kf7
35. Kg2 Rhc8 36. Kf2 Qd7 37. Rd1 Qe7 38. Qc3 Kg6 39. Qd4 Rd8 40. Bc2 Rdc8 41.
Qc3 Rb8 42. Rd4 Bc8 43. Ra1 Ra7 44. Rdd1 Rc7 45. Ra3 Bb7 46. Rd4 Bc8 47. Ra1
Bb7 48. Rad1 Bc8 49. a5 Rbb7 50. Qd3 Kg7 51. Qc3 {(=)} 1/2-1/2

[Event "OLNN 1617 SK Marmstorf - Königsspringer"]
[Site "?"]
[Date "2017.03.19"]
[Round "7.5"]
[White "Wagner, Friedrich"]
[Black "Mueller, Jan-Hendrik"]
[Result "0-1"]
[WhiteElo "2224"]
[BlackElo "2068"]
[PlyCount "132"]
[EventDate "2017.??.??"]

1. c4 e5 2. g3 Nf6 3. Bg2 c6 4. d4 exd4 5. Qxd4 d5 6. Nf3 Be7 7. cxd5 cxd5 8.
O-O Nc6 9. Qa4 O-O 10. Be3 Ng4 11. Bd4 Nxd4 12. Qxd4 Qa5 13. Nc3 Bf6 14. Qd3
Rd8 15. e3 Bxc3 16. bxc3 Bd7 17. Rfc1 Rac8 18. h3 Nf6 19. Nd4 Ne4 20. c4 Nc5
21. Qe2 dxc4 22. Rxc4 b5 23. Rxc5 Rxc5 24. Nb3 Qc3 25. Rc1 Qxc1+ 26. Nxc1 Rxc1+
27. Kh2 Be8 28. h4 Rcd1 29. h5 h6 30. g4 R1d2 31. Qf3 Rxa2 32. Kg3 b4 33. g5
hxg5 34. h6 Ra6 35. Qb7 Rb6 36. Qe7 Rbd6 37. hxg7 Kxg7 38. Be4 b3 39. Qxg5+ Kf8
40. f4 Bc6 41. Bb1 Ke8 42. Qg8+ Ke7 43. Qg5+ Ke8 44. Qc5 a6 45. f5 f6 46. Qc3
Rb8 47. e4 Rb5 48. Qc4 a5 49. Qg8+ Kd7 50. Qf7+ Kc8 51. Qe7 Rd1 52. Qxf6 Rb6
53. Qf8+ Kb7 54. Qf7+ Ka6 55. Qc4+ Ka7 56. f6 Rxb1 57. f7 b2 58. f8=Q Rg1+ 59.
Kh2 b1=Q 60. Qfc5 Rg7 61. Qc3 Qa2+ 62. Qc2 Rh7+ 63. Kg3 Qg8+ 64. Kf4 Rh4+ 65.
Ke3 Rxe4+ 66. Qxe4 Qg1+ 0-1

[Event "OLNN 1617 SK Marmstorf - Königsspringer"]
[Site "?"]
[Date "2017.03.19"]
[Round "7.6"]
[White "Hohlbein, Michael"]
[Black "Lampe, Joerg"]
[Result "1/2-1/2"]
[WhiteElo "2087"]
[BlackElo "2131"]
[PlyCount "89"]
[EventDate "2017.??.??"]

1. e4 c5 2. Nf3 Nc6 3. d4 cxd4 4. Nxd4 Nf6 5. Nc3 e5 6. Ndb5 d6 7. Bg5 a6 8.
Na3 b5 9. Bxf6 gxf6 10. Nd5 f5 11. Bd3 Be6 12. Qh5 Bg7 13. O-O f4 14. c4 bxc4
15. Bxc4 Nd4 16. Rac1 Rc8 17. Bxa6 Rxc1 18. Rxc1 O-O 19. Nb5 Nxb5 20. Bxb5 Bxd5
21. exd5 f5 22. Ba6 e4 23. Bc8 Qf6 24. Be6+ Kh8 25. Rc8 Qxb2 26. Rxf8+ Bxf8 27.
h4 e3 28. fxe3 fxe3 29. Qg5 Qa1+ 30. Kh2 Qg7 31. Qxe3 Qf6 32. Qg5 Qxg5 33. hxg5
Be7 34. Kg3 Bxg5 35. Bxf5 Kg7 36. Kf3 h6 37. Ke4 Kf6 38. a4 Bh4 39. a5 Bf2 40.
Be6 Bg1 41. Kf4 Bf2 42. Kf3 Bg1 43. Ke2 Bc5 44. Kd3 Ke7 45. Kc4 1/2-1/2

[Event "OLNN 1617 SK Marmstorf - Königsspringer"]
[Site "?"]
[Date "2017.03.19"]
[Round "7.7"]
[White "Dettmann, Steffen"]
[Black "Diekmann, Jens"]
[Result "0-1"]
[WhiteElo "2186"]
[BlackElo "2050"]
[PlyCount "58"]
[EventDate "2017.??.??"]

1. e4 c5 2. d3 Nc6 3. Nf3 g6 4. Be2 Bg7 5. O-O d6 6. c3 e5 7. Be3 Nf6 8. h3 Qe7
9. a3 O-O 10. b4 b6 11. b5 Nd8 12. Qb3 Ne6 13. a4 Nh5 14. c4 Nhf4 15. Re1 f5
16. Bf1 fxe4 17. dxe4 Nxh3+ 18. gxh3 Rxf3 19. Qd1 Rf7 20. Nc3 Nf4 21. Bxf4 exf4
22. Qf3 Bb7 23. Ra3 Re8 24. Bd3 Qh4 25. Re2 Re5 26. Nd5 Bc8 27. Kh2 Rh5 28. Re1
Bxh3 29. Kg1 Rg5+ 0-1

[Event "OLNN 1617 SK Marmstorf - Königsspringer"]
[Site "?"]
[Date "2017.03.19"]
[Round "7.8"]
[White "Peschke, Matthias"]
[Black "Schmidt, Jan-Peter"]
[Result "0-1"]
[WhiteElo "1957"]
[BlackElo "2236"]
[PlyCount "90"]
[EventDate "2017.??.??"]

1. c4 c5 2. g3 Nc6 3. Bg2 g6 4. e4 Bg7 5. Ne2 e6 6. Nbc3 Nge7 7. O-O O-O 8. d3
d6 9. Be3 Nd4 10. Rb1 b6 11. Qd2 Bb7 12. Bh6 Bxh6 13. Qxh6 Nxe2+ 14. Nxe2 Qd7
15. Nf4 Nc6 16. Nh5 f6 17. Nf4 Rae8 18. Ne2 Ne5 19. Qd2 f5 20. b3 fxe4 21. dxe4
Nf3+ 22. Bxf3 Rxf3 23. Rbd1 Bxe4 24. Qxd6 Qf7 25. Nf4 Rf8 26. Qd7 Rxf4 27. gxf4
Qxf4 28. Rd3 Bxd3 29. Qxd3 e5 30. Qg3 Qd4 31. Re1 Rf4 32. Qe3 Kf7 33. Qxd4 exd4
34. Kg2 Kf6 35. f3 g5 36. Re8 h5 37. Rd8 g4 38. fxg4 Rxg4+ 39. Kf3 Rg7 40. Rd5
h4 41. Rh5 Re7 42. Rxh4 Re3+ 43. Kf2 Rc3 44. Re4 Rc2+ 45. Re2 d3 0-1

[Event "OLNN 1617 SF Schwerin - Königsspringer"]
[Site "?"]
[Date "2017.04.23"]
[Round "8.1"]
[White "Lamprecht, Frank"]
[Black "Spivak, Ilya"]
[Result "1-0"]
[WhiteElo "2382"]
[BlackElo "2338"]
[PlyCount "113"]
[EventDate "2017.??.??"]

1. d4 d5 2. Nf3 Nf6 3. g3 c6 4. Bg2 Bf5 5. O-O Nbd7 6. b3 e6 7. Bb2 h6 8. Nbd2
Be7 9. Ne5 O-O 10. c4 Bb4 11. Nd3 Bxd3 12. exd3 Qa5 13. Nb1 Rfe8 14. a3 Bf8 15.
Nd2 Rad8 16. Qc2 e5 17. b4 Qb6 18. c5 Qc7 19. Rfe1 exd4 20. Bxd4 Rxe1+ 21. Rxe1
Re8 22. Rxe8 Nxe8 23. Nb3 Be7 24. Qe2 Kf8 25. Bh3 Bf6 26. Kg2 b6 27. Be3 Ne5
28. Bf4 g5 29. Bxe5 Bxe5 30. Bd7 Nf6 31. Bxc6 bxc5 32. bxc5 Bxg3 33. hxg3 Qxc6
34. Qe5 Nd7 35. Qd4 f6 36. Qb4 d4+ 37. Kf1 a5 38. Qxd4 a4 39. Na5 Qxc5 40. Qxd7
Qxa5 41. d4 Qa6+ 42. Kg2 Qc4 43. d5 Qe4+ 44. Kg1 Qe1+ 45. Kg2 Qe4+ 46. Kh2 Qe2
47. Qf5 Ke7 48. Kg2 h5 49. d6+ Kf7 50. Qd7+ Kg6 51. Qxa4 Qd3 52. Qe8+ Kg7 53.
Qe7+ Kg6 54. d7 Qf3+ 55. Kg1 Qd1+ 56. Kh2 Qf3 57. Qe3 1-0

[Event "OLNN 1617 SF Schwerin - Königsspringer"]
[Site "?"]
[Date "2017.04.23"]
[Round "8.2"]
[White "Kesten, Sebastian"]
[Black "Zimmermann, Julian"]
[Result "1/2-1/2"]
[WhiteElo "2276"]
[BlackElo "2291"]
[PlyCount "24"]
[EventDate "2017.??.??"]

1. Nf3 Nf6 2. g3 b6 3. Bg2 Bb7 4. c4 g6 5. b3 Bg7 6. Bb2 O-O 7. O-O c5 8. Nc3
d5 9. Nxd5 Nxd5 10. Bxg7 Kxg7 11. cxd5 Qxd5 12. d4 cxd4 1/2-1/2

[Event "OLNN 1617 SF Schwerin - Königsspringer"]
[Site "?"]
[Date "2017.04.23"]
[Round "8.4"]
[White "Schulz, Karsten"]
[Black "Borgmeyer, Max"]
[Result "1/2-1/2"]
[WhiteElo "2258"]
[BlackElo "2204"]
[PlyCount "100"]
[EventDate "2017.??.??"]

1. Nf3 Nf6 2. c4 b6 3. g3 Bb7 4. Bg2 g6 5. d4 Bg7 6. O-O O-O 7. d5 c6 8. Nc3
cxd5 9. cxd5 d6 10. Nd4 Na6 11. e4 Nc7 12. Be3 e6 13. dxe6 fxe6 14. Qb3 Qe7 15.
e5 Nfd5 16. exd6 Qxd6 17. Ne4 Qb4 18. Qxb4 Nxb4 19. Nf6+ Bxf6 20. Bxb7 Rad8 21.
Rfd1 Bxd4 22. Rxd4 Rxd4 23. Bxd4 Nb5 24. Be5 Nd3 25. Ba6 Nxe5 26. Bxb5 Nf3+ 27.
Kg2 Nd4 28. Bd3 Rc8 29. Re1 Kg7 30. Re4 Rd8 31. Bc4 Kf6 32. a4 e5 33. f4 exf4
34. Rxf4+ Nf5 35. Rf2 Rd4 36. b3 Ke5 37. Kf3 Re4 38. Rd2 Re3+ 39. Kf2 Rc3 40.
Re2+ Kd4 41. Rd2+ Ke4 42. Re2+ Re3 43. Bd5+ Kxd5 44. Rxe3 Nxe3 45. Kxe3 Kc5 46.
Kd3 Kb4 47. Kc2 Ka3 48. Kc3 Ka2 49. Kc4 Ka3 50. Kc3 Ka2 1/2-1/2

[Event "OLNN 1617 SF Schwerin - Königsspringer"]
[Site "?"]
[Date "2017.04.23"]
[Round "8.5"]
[White "Wagner, Friedrich"]
[Black "Wolf, Christoph"]
[Result "0-1"]
[WhiteElo "2211"]
[BlackElo "2183"]
[PlyCount "48"]
[EventDate "2017.??.??"]

1. c4 c5 2. g3 Nc6 3. Bg2 g6 4. e3 Nf6 5. Nc3 Bg7 6. Nge2 O-O 7. d4 cxd4 8.
exd4 e6 9. d5 Ne5 10. b3 exd5 11. cxd5 d6 12. h3 Re8 13. O-O Bf5 14. Ba3 Rc8
15. g4 Nfxg4 16. Nb5 Nxf2 17. Rxf2 Qb6 18. Ned4 Nd3 19. Rxf5 Bxd4+ 20. Kh2 Qxb5
21. Rf1 Bxa1 22. Qxa1 Rc2 23. Qd4 Ree2 24. Rg1 Ne1 0-1

[Event "OLNN 1617 SF Schwerin - Königsspringer"]
[Site "?"]
[Date "2017.04.23"]
[Round "8.6"]
[White "Grahl, Arvid"]
[Black "Lampe, Joerg"]
[Result "1-0"]
[WhiteElo "2196"]
[BlackElo "2119"]
[PlyCount "68"]
[EventDate "2017.??.??"]

1. d4 d5 2. c4 e6 3. Nc3 c5 4. cxd5 exd5 5. Nf3 Nc6 6. g3 Nf6 7. Bg2 Be7 8. O-O
O-O 9. dxc5 Bxc5 10. a3 Be6 11. b4 Be7 12. Bb2 Qd7 13. e3 Rfd8 14. Ne2 Bg4 15.
Rc1 Ne4 16. Qd3 Bxf3 17. Bxf3 Qf5 18. Bg2 Nxg3 19. Qxf5 Nxf5 20. Rfd1 Bf6 21.
Bxf6 gxf6 22. Bxd5 Nfe7 23. Bg2 Rxd1+ 24. Rxd1 Rd8 25. Rxd8+ Nxd8 26. Nd4 b6
27. Be4 Ne6 28. Nc6 Nxc6 29. Bxc6 Ng7 30. Kg2 Nf5 31. Kf3 Nd6 32. Bd5 Kf8 33.
h4 Ke7 34. Kf4 Kf8 {(Zeit)} 1-0

[Event "OLNN 1617 SF Schwerin - Königsspringer"]
[Site "?"]
[Date "2017.04.23"]
[Round "8.7"]
[White "Dettmann, Steffen"]
[Black "Heinsohn, Wilfried"]
[Result "1-0"]
[WhiteElo "2209"]
[BlackElo "2179"]
[PlyCount "83"]
[EventDate "2017.??.??"]

1. e4 c5 2. Nf3 Nc6 3. d3 g6 4. Be2 Bg7 5. O-O Nf6 6. c3 d6 7. d4 cxd4 8. cxd4
d5 9. e5 Ne4 10. Ne1 Qb6 11. Nc2 f6 12. f3 Ng5 13. Bxg5 fxg5 14. Nc3 Bf5 15.
Ne3 Qxd4 16. Ncxd5 Qxe5 17. f4 gxf4 18. Nxf5 gxf5 19. Bh5+ Kf8 20. Nxf4 Qd4+
21. Kh1 Qxd1 22. Raxd1 Nd4 23. Rxd4 Bxd4 24. Ne6+ Kg8 25. Nxd4 Kg7 26. Nxf5+
Kf6 27. Ne3+ Ke6 28. Bg4+ Ke5 29. h3 h5 30. Bf3 e6 31. Bxb7 Rab8 32. Bf3 Kd4
33. Nd1 Kd3 34. Re1 Rh6 35. Nf2+ Kc2 36. Re2+ Kb1 37. b3 Rd8 38. Kh2 h4 39.
Be4+ Ka1 40. b4 Rf6 41. Nd3 Rf1 42. Nc5 1-0

[Event "OLNN 1617 SF Schwerin - Königsspringer"]
[Site "?"]
[Date "2017.04.23"]
[Round "8.8"]
[White "Rittemann, Steffen"]
[Black "Langmann, Markus"]
[Result "0-1"]
[WhiteElo "2166"]
[BlackElo "2038"]
[PlyCount "76"]
[EventDate "2017.??.??"]

1. e4 e6 2. d4 d5 3. Nd2 dxe4 4. Nxe4 Be7 5. Nf3 Nd7 6. Bd3 Ngf6 7. Qe2 O-O 8.
Bg5 c5 9. O-O-O Nxe4 10. Qxe4 Bxg5+ 11. Kb1 g6 12. h4 Nf6 13. Qe5 Bh6 14. h5
Bg7 15. hxg6 fxg6 16. Qh2 Qe8 17. dxc5 Bd7 18. Bc4 Qe7 19. Rd6 Rae8 20. Bb3 Nh5
21. g4 Rxf3 22. gxh5 Qf6 23. c3 Bc6 24. hxg6 h6 25. Re1 Rxf2 26. Rdxe6 Rxe6 27.
Rxe6 Qf5+ 28. Kc1 Kh8 29. Qb8+ Bf8 30. g7+ Kxg7 31. Qc7+ Kh8 32. Qe5+ Qxe5 33.
Rxe5 Kg7 34. Bc4 Kf6 35. Re6+ Kg5 36. b4 a6 37. Bd5 Bxd5 38. Re5+ Rf5 0-1

[Event "OLNN 1617 Schachfreunde HH - SK Marmsto"]
[Site "?"]
[Date "2017.04.23"]
[Round "8.1"]
[White "Hebbinghaus, Holger"]
[Black "Sawatzki, Frank"]
[Result "0-1"]
[WhiteElo "2258"]
[BlackElo "2370"]
[PlyCount "92"]
[EventDate "2017.??.??"]

1. d4 Nf6 2. Nf3 g6 3. Bf4 Bg7 4. e3 O-O 5. Be2 c5 6. c3 b6 7. O-O Bb7 8. h3 d6
9. Nbd2 Nbd7 10. a4 a6 11. Bh2 Ra7 12. Qb1 Qa8 13. Bd3 cxd4 14. cxd4 Nd5 15. b4
a5 16. b5 Nb4 17. Be2 Rc8 18. Rc1 Bd5 19. Qb2 Rac7 20. Rxc7 Rxc7 21. Rc1 Qc8
22. Rxc7 Qxc7 23. Bd1 Nf6 24. Ne1 Kf8 25. Bg3 Bh6 26. Bh4 Bg7 27. Bg3 Ke8 28.
f3 Nh5 29. Bf2 f5 30. Qa3 Nf6 31. Kh2 Na2 32. Bb3 Nc1 33. Bxd5 Nxd5 34. Nb3 Ne2
35. e4 Ndc3 36. Qb2 Qc4 37. Nxa5 bxa5 38. b6 Nxa4 39. b7 Nxb2 40. b8=Q+ Kf7 41.
Qxb2 Nxd4 42. Qb7 Be5+ 43. Kg1 Ne2+ 44. Kf1 Ng3+ 45. Kg1 Qf1+ 46. Kh2 Qh1# 0-1

[Event "OLNN 1617 Schachfreunde HH - SK Marmsto"]
[Site "?"]
[Date "2017.04.23"]
[Round "8.2"]
[White "Bokelbrink, Uwe"]
[Black "Hawellek, Jeronimo"]
[Result "1-0"]
[WhiteElo "2306"]
[BlackElo "2315"]
[PlyCount "109"]
[EventDate "2017.??.??"]

1. e4 g6 2. Nc3 Bg7 3. g3 e5 4. Bg2 Nf6 5. Nge2 O-O 6. O-O d6 7. h3 Nbd7 8. d3
c6 9. a4 Nc5 10. Be3 Nfd7 11. d4 exd4 12. Bxd4 Qe7 13. Bxg7 Kxg7 14. Qd4+ Ne5
15. Rad1 Rd8 16. f4 Ne6 17. Qf2 Nd7 18. f5 Nec5 19. Qd4+ Qe5 20. Qxd6 Re8 21.
Qxe5+ Nxe5 22. b3 a5 23. g4 f6 24. Nf4 Bd7 25. Rd6 Rad8 26. Rfd1 Nf7 27. R6d4
Bc8 28. Rxd8 Rxd8 29. Rxd8 Nxd8 30. Kf2 Nf7 31. Ke3 Ne5 32. Bf1 Kh6 33. Be2 Kg5
34. Ng2 h5 35. h4+ Kh6 36. Kd4 b6 37. g5+ Kg7 38. Nf4 Ncd7 39. gxf6+ Kxf6 40.
fxg6 Nxg6 41. Nxg6 Kxg6 42. Ke3 Ne5 43. Kf4 Ng4 44. Nd1 Bd7 45. Bxg4 hxg4 46.
Ne3 Kh5 47. Kg3 b5 48. c3 bxa4 49. bxa4 c5 50. Nc4 Bxa4 51. Nxa5 Bc2 52. e5 Bd1
53. Nb7 c4 54. Nd6 Kg6 55. Nxc4 1-0

[Event "OLNN 1617 Schachfreunde HH - SK Marmsto"]
[Site "?"]
[Date "2017.04.23"]
[Round "8.3"]
[White "Mueller, Tobias"]
[Black "Ritscher, Jan-Paul"]
[Result "1/2-1/2"]
[WhiteElo "2133"]
[BlackElo "2237"]
[PlyCount "158"]
[EventDate "2017.??.??"]

1. e4 Nf6 2. e5 Nd5 3. d4 d6 4. Nf3 Bg4 5. Be2 e6 6. O-O Be7 7. c4 Nb6 8. b3
O-O 9. Bb2 Nc6 10. exd6 cxd6 11. Nc3 d5 12. cxd5 Nxd5 13. Ne5 Bxe2 14. Nxe2
Nxe5 15. dxe5 Qa5 16. Ng3 Rfd8 17. Qg4 Qd2 18. Bd4 Qf4 19. Qxf4 Nxf4 20. Rfd1
a6 21. Bb6 Rxd1+ 22. Rxd1 Nd5 23. Bd4 Rc8 24. a4 Kf8 25. Ne4 Ke8 26. Kf1 Bb4
27. g3 Rc2 28. Kg1 h6 29. Kf1 Ke7 30. Nd6 Rc7 31. Ne4 Ke8 32. Ke2 Ke7 33. Kd3
h5 34. h3 Rc8 35. Ke2 Rc2+ 36. Kd3 Rc6 37. Ke2 f5 38. exf6+ gxf6 39. Kf1 Rc2
40. g4 hxg4 41. hxg4 Kf7 42. Kg1 Kg6 43. f3 f5 44. gxf5+ Kxf5 45. Nf2 Bc5 46.
Bxc5 Rxc5 47. Ne4 Rc7 48. Kf2 Kf4 49. Rd4 Ke5 50. Rd2 Rc1 51. Ng5 Kf5 52. Ne4
Ke5 53. Ng5 Kf5 54. Ne4 Kf4 55. Rd4 Ke5 56. Rd2 Nf4 57. Nd6 Rc3 58. Nxb7 Nd3+
59. Kg3 Rxb3 60. Nd8 Nc5 61. Nc6+ Kf6 62. Rd4 e5 63. Rd6+ Kf5 64. Rd5 Ne4+ 65.
Kh4 Nf6 66. Rxe5+ Kf4 67. Re6 Nd5 68. Nd4 Re3 69. Rxa6 Rd3 70. Nb5 Rxf3 71. Kh5
Ke5 72. Kg6 Rf6+ 73. Rxf6 Nxf6 74. a5 Nd7 75. a6 Kd5 76. a7 Nb6 77. Kf7 Kc6 78.
Nd4+ Kb7 79. Nb5 Nc8 1/2-1/2

[Event "OLNN 1617 Schachfreunde HH - SK Marmsto"]
[Site "?"]
[Date "2017.04.23"]
[Round "8.4"]
[White "Hermesmann, Hans"]
[Black "Ramme, Christoph"]
[Result "1-0"]
[WhiteElo "2275"]
[BlackElo "2160"]
[PlyCount "71"]
[EventDate "2017.??.??"]

1. d4 Nf6 2. c4 e6 3. Nc3 Bb4 4. f3 c5 5. d5 b5 6. e4 bxc4 7. Bxc4 Nxd5 8. Bxd5
exd5 9. Qxd5 Nc6 10. Nge2 Ba6 11. Kf2 Ne7 12. Qd6 Qb6 13. Rd1 Qxd6 14. Rxd6 Bc4
15. Be3 Rb8 16. Rad1 Rb7 17. Nf4 Be6 18. Nxe6 fxe6 19. a3 Bxc3 20. bxc3 Nc8 21.
R6d2 c4 22. a4 d6 23. Bf4 O-O 24. Bxd6 Nxd6 25. Rxd6 Rb3 26. Rxe6 Rxc3 27. Re7
Rc2+ 28. Kg3 h5 29. Rdd7 Rb8 30. Rxg7+ Kh8 31. Rxa7 Rbb2 32. Kh3 c3 33. Rgc7
Rxg2 34. Ra8+ Rg8 35. Rxg8+ Kxg8 36. Rxc3 1-0

[Event "OLNN 1617 Schachfreunde HH - SK Marmsto"]
[Site "?"]
[Date "2017.04.23"]
[Round "8.5"]
[White "Mueller, Jan-Hendrik"]
[Black "Kluenger, Marc"]
[Result "1-0"]
[WhiteElo "2083"]
[BlackElo "2196"]
[PlyCount "61"]
[EventDate "2017.??.??"]

1. e4 c5 2. Nf3 e6 3. d4 cxd4 4. Nxd4 Nc6 5. Nc3 Qc7 6. Be3 a6 7. Bd3 Nf6 8.
O-O Ne5 9. Be2 Bb4 10. f4 Nc4 11. Bxc4 Qxc4 12. e5 Bxc3 13. exf6 Bxb2 14. fxg7
Rg8 15. Rb1 Bc3 16. f5 Rxg7 17. Rf4 Qd5 18. Rg4 Qe5 19. Rxg7 Qxg7 20. Qd3 Ba5
21. Qa3 Qe5 22. Nf3 Qc3 23. Rb3 Qa1+ 24. Kf2 Bd8 25. Bd4 Qd1 26. Qb2 b5 27. Rd3
Qh1 28. Bc5 f6 29. fxe6 Bb7 30. Qd4 Bc6 31. Qd6 1-0

[Event "OLNN 1617 Schachfreunde HH - SK Marmsto"]
[Site "?"]
[Date "2017.04.23"]
[Round "8.6"]
[White "Jaeckle, Marco"]
[Black "Hohlbein, Michael"]
[Result "1-0"]
[WhiteElo "2232"]
[BlackElo "2089"]
[PlyCount "39"]
[EventDate "2017.??.??"]

1. e4 e5 2. d4 exd4 3. Bc4 Nf6 4. Nf3 Nc6 5. e5 d5 6. Bb5 Ne4 7. Nxd4 Bc5 8.
Be3 O-O 9. Nxc6 bxc6 10. Bxc5 Nxc5 11. Bxc6 Rb8 12. Qxd5 Qe7 13. O-O Rd8 14.
Qf3 Rxb2 15. Nc3 Ne6 16. Qe3 Nd4 17. Nd5 Qf8 18. Qxd4 Rb6 19. Rfd1 Kh8 20. Qe3
1-0